| 000 | 00777nas a2200265 4500 | ||
|---|---|---|---|
| 001 | BR2011000740 | ||
| 003 | BR-BrBNA | ||
| 005 | 20231205114439.0 | ||
| 007 | ta | ||
| 008 | 230509b bl.|||p| |||| 00| 00por d | ||
| 040 |
_aBR-BrBNA _bpor _cBiblioteca Nacional de Agricultura |
||
| 041 | _a(Pt) | ||
| 072 | _aJ11 | ||
| 100 | 1 | _aCia, P. | |
| 100 | 1 | _aBenato, E.A. | |
| 100 | 1 | _aPascholati, S.F. | |
| 100 | 1 | _aGarcia, E.O. | |
| 245 | 1 | _aQuitosana no controle pós-colheita da podridão mole em caqui "Rama Forte" | |
| 650 | _aCAQUI | ||
| 650 | _aPODRIDÃO MOLE | ||
| 650 | _aCONTROLE INTEGRADO | ||
| 773 | 0 |
_tBragantia (Brazil) _xISSN 0006-8705 _g(Jul-Sep 2010), v. 69(3) p. 745-752 _wBR2011000740 |
|
| 909 |
_a202311 _bLúcia _c55 _dLúcia Elande |
||
| 942 |
_2AGRIS _n0 _cANA |
||
| 999 |
_c208808 _d208808 |
||